| 000 | 00962nam0a22002531 4500 | ||
|---|---|---|---|
| 001 | rc\2747152 | ||
| 005 | 20110915170345.0 | ||
| 035 | _a(NLR Aleph) 006874192 | ||
| 090 |
_a6979441 _c6979441 |
||
| 100 | _a20110915d1939 |||y0rusy50 ca | ||
| 101 | 0 | _arus | |
| 102 | _aRU | ||
| 105 | _aac z ||||| | ||
| 200 | 1 |
_aОсновные физические воззрения _eСб. докладов и статей _fАкад. В. Ф. Миткевич _gАкад. наук СССР |
|
| 205 | _a3-е изд., доп. | ||
| 210 |
_aМосква _aЛенинград _cИзд-во Акад. наук СССР _d1939 _eМосква |
||
| 215 |
_a204 с., 1 вкл. л. портр. _cчерт. _d23 см. |
||
| 320 | _aБиблиогр. в подстроч. прим. | ||
| 700 | 1 |
_aМиткевич _bВ. Ф. _f1872-1951 _gВладимир Федорович |
|
| 801 | 0 |
_aRU _bNLR _gpsbo |
|
| 801 | 1 |
_aRU _bELAR _2rusmarc |
|
| 852 |
_aNLR _j39-4/1720 |
||
| 942 | _cBOOK | ||
| 980 | _aNB | ||